000 01197nam a2200289 a 4500
001 BRCA_2563
005 20190320203852.0
008 261108s1874----gw-a---###---#000-0dspa-u
041 _aspa
044 _agw
084 _a166
_b.B76
_c1874
100 1 _aCervantes Saavedra, Miguel de
_d1547-1616
_9213
245 1 0 _aEl Ingenioso Hidalgo Don Quijote de la Mancha
_ccompuesto por Miguel de Cervates Saavedra.
260 _aLeipzig
_bF. A. Brockhaus
_c1874
300 _a2 v.
_c19 cm.
440 0 _aColección de autores españoles
_n3
_97334
500 _aContenido : v 1. Primera parte. Dedicatoria del autor. Prólogo del autor. Versos preliminares. Texto. -- v 2. Segunda parte. Dedicatoria del autor. Prólogo del autor. Texto
500 _aEdición económica, copia de la de 1866 del propio editor. Semipiel Lúdovik Osterc
500 _aQM159
650 1 4 _aNovela española
_yÉpoca clásica, 1500-1700
_9215
650 1 4 _aLiteratura española
_yÉpoca clásica, 1500-1700
_9216
650 1 4 _aNovela española
_ySiglo XVII
_9217
650 1 4 _aDon Quijote (Personaje ficticio)
_eNovela
_9218
740 0 _aEl Ingenioso Hidalgo Don Quijote de la Mancha
902 _aQFM
942 _2lcc
_cB
999 _c2303
_d2303